000 01758nam a2200433 i 4500
001 DIGDISANT0275
003 NyNyDIG
006 m o d
007 cr |||||||||||
008 240301s2010 sp a ob 001 0 spa d
035 _a(OCoLC)1346364830
040 _aDGITA
_beng
_erda
_epn
_cDGITA
020 _a9788499690162
_q(libro electrónico)
020 _z9788479789633
_q(libro en papel)
050 1 4 _aRC280.B8 ebook
100 1 _aSantamaría Martínez, Mercedes,
_eauthor.
245 1 0 _aCitopatología de la mama /
_cMercedes Santamaría Martínez, Julio Rodríguez Costa, Domingo de Agustín Vázquez.
264 1 _a[Madrid, España] :
_bDíaz de Santos,
_c2010.
300 _a1 online resource :
_billustrations.
336 _atext
_btxt
_2rdacontent
337 _acomputer file
_bc
_2rdamedia
338 _aonline resource
_bcr
_2rdacarrier
347 _atext file
_2rdaft
347 _bPDF
490 1 _aCuadernos de citopatología ;
_v7
504 _aIncludes bibliographical references and index.
588 0 _aOnline resource; title from PDF title page (Digitalia, viewed March 1, 2024)
650 0 _aBreast
_xCancer
_xCytopathology.
650 0 _aBreast
_xNeedle biopsy.
700 1 _aRodríguez Costa, Julio,
_eauthor.
700 1 _aAgustín Vázquez, Domingo de,
_eauthor.
776 0 8 _iPrint version:
_aSantamaría Martínez, Mercedes.
_tCitopatología de la mama.
_d[Madrid, España] : Díaz de Santos, 2010
_z9788479789633
791 2 _aDigitalia (Firm),
_edistributor.
793 0 _gDigitalia eBook Collection:
_aDíaz de Santos
830 0 _aCuadernos de citopatología ;
_v7.
856 4 0 _3Digitalia Hispánica
_uhttps://www.digitaliapublishing.com/a/136242/
910 _aPremium collection: 2024
942 _cRAA
999 _c283827
_d283827